Multiple-Choice-Stadtquiz Osnabrück - Statistiken

Allgemein
  • Dieses Quiz wurde 769 mal gespielt
  • Das Durchschnittsergebnis liegt bei 6 aus 10
Antwortstatistiken
Frage Antwort % Korrekt
Welcher Wald liegt in der Nähe von Osnabrück? Teutoburger Wald
93%
Der Westfälische Frieden wurde hier und in welcher anderen Stadt noch geschlossen? Münster
85%
Welche berühmte Schlacht fand in der Nähe von Osnabrück statt? Varusschlacht
77%
Wie heißt der Nebenfluss der Ems, der durch Osnabrück fließt? Hase
74%
Was liegt an/in der Uni Osnabrück? Botanischer Garten
73%
Wieviel Prozent machen die Studierenden an der Gesamtbevölkerung Osnabrücks etwa aus? 15%
67%
Welche dieser Städte liegt nicht im Landkreis Osnabrück? Ibbenbüren
56%
Wie wird eine Brötchenart aus Osnabrück genannt? Springbrötchen
44%
Wie heißt der östliche Teil des Rings, der um die Innenstadt von Osnabrück führt? Erich-Maria-Remarque Ring
43%
Wie heißt ein Tor am Heger-Tor? Waterloo-Tor
35%
Keine übereinstimmenden Quizze gefunden
Verteilung der Resultate
Anzahl Personen mit jedem Resultat
Perzentil nach korrekt beantworteten Fragen
Ihre Resultats-Entwicklung
Sie haben dieses Quiz noch nicht gespielt